An American Saga : (Record no. 185305)
[ view plain ]
| 000 -LEADER | |
|---|---|
| fixed length control field | 00557 a2200169 4500 |
| 003 - CONTROL NUMBER IDENTIFIER | |
| control field | NUST |
| 005 - DATE AND TIME OF LATEST TRANSACTION | |
| control field | 20230118122529.0 |
| 040 ## - CATALOGING SOURCE | |
| Transcribing agency | Nust |
| 082 ## - DEWEY DECIMAL CLASSIFICATION NUMBER | |
| Classification number | 387.7,DAL |
| 100 ## - MAIN ENTRY--PERSONAL NAME | |
| Personal name | Daley, Robert |
| 9 (RLIN) | 106961 |
| 245 ## - TITLE STATEMENT | |
| Title | An American Saga : |
| Remainder of title | Juan Trippe and His pan am empire / |
| Statement of responsibility, etc. | Robert Daley |
| 260 ## - PUBLICATION, DISTRIBUTION, ETC. | |
| Place of publication, distribution, etc. | London |
| Name of publisher, distributor, etc. | Rivica Prudaction |
| Date of publication, distribution, etc. | 1980 |
| 300 ## - PHYSICAL DESCRIPTION | |
| Extent | 324.p; |
| 505 ## - FORMATTED CONTENTS NOTE | |
| Formatted contents note | A Young Man Plans (Page-3), The Pacific (Page-101), The Atlantic (Page-205), War (Page-281), The New World (Page-349). |
| 650 ## - SUBJECT ADDED ENTRY--TOPICAL TERM | |
| Topical term or geographic name entry element | An Amercian Saga |
| 9 (RLIN) | 106962 |
| 942 ## - ADDED ENTRY ELEMENTS (KOHA) | |
| Source of classification or shelving scheme | |
| Koha item type | Book |
| Call number prefix | 387.7,DAL |
| Withdrawn status | Lost status | Source of classification or shelving scheme | Damaged status | Not for loan | Permanent Location | Current Location | Shelving location | Date acquired | Full call number | Barcode | Date last seen | Price effective from | Koha item type | Public note |
|---|---|---|---|---|---|---|---|---|---|---|---|---|---|---|
| Military College of Signals (MCS) | Military College of Signals (MCS) | General Stacks | 12/12/2016 | 387.7,DAL | MCS3319 | 12/08/2016 | 12/12/2016 | Book | Almirah No.54, Shelf No.5 |
